[Event "Stay Safe Play From Home 143"]
[Site "T#645979Emanuel Laske"]
[Date "2020.05.12"]
[Round "9"]
[White "Tavares"]
[Black "Gibiz144"]
[Result "0-1"]
[WhiteElo "1855"]
[BlackElo "1558"]
[Annotator "NA RC"]
[PlyCount "66"]
[EventDate "2020.05.12"]
[EventType "swiss (blitz)"]

1. e4 {[%emt 0:00:03]} e6 {[%emt 0:00:00]} 2. d4 {[%emt 0:00:01]} b6 {[%emt 0:00:00]} 3. Nd2 {[%emt 0:00:02]} Bb7 {[%emt 0:00:00]} 4. f4 {[%emt 0:00:00]} d6 {[%emt 0:00:00]} 5. Ngf3 {[%emt 0:00:00]} Ne7 {[%emt 0:00:02]} 6. Bd3 {[%emt 0:00:00]} g6 {[%emt 0:00:01]} 7. c3 {[%emt 0:00:01]} Bg7 {[%emt 0:00:01]} 8. Qe2 {[%emt 0:00:00]} h6 {[%emt 0:00:00]} 9. O-O {[%emt 0:00:05]} Nd7 {[%emt 0:00:01]} 10. f5 {[%emt 0:00:01]} exf5 {[%emt 0:00:01]} 11. exf5 {[%emt 0:00:00]} gxf5 {[%emt 0:00:01]} 12. Bxf5 {[%emt 0:00:02]} Nf6 {[%emt 0:00:01]} 13. Re1 {[%emt 0:00:02]} Bd5 {[%emt 0:00:03]} 14. Nb3 {[%emt 0:00:03]} Be6 {[%emt 0:00:01]} 15. Bxe6 {[%emt 0:00:01]} fxe6 {[%emt 0:00:01]} 16. Qxe6 {[%emt 0:00:01]} Qd7 {[%emt 0:00:02]} 17. Qe2 {[%emt 0:00:01]} Nfd5 {[%emt 0:00:03]} 18. c4 {[%emt 0:00:07]} Nf4 {[%emt 0:00:03]} 19. Bxf4 {[%emt 0:00:01]} Rf8 {[%emt 0:00:03]} 20. Bg3 {[%emt 0:00:03]} Rf7 {[%emt 0:00:01]} 21. Bh4 {[%emt 0:00:01]} Kf8 {[%emt 0:00:07]} 22. Bxe7+ {[%emt 0:00:02]} Rxe7 {[%emt 0:00:03]} 23. Qd3 {[%emt 0:00:00]} Rae8 {[%emt 0:00:02]} 24. Rxe7 {[%emt 0:00:04]} Rxe7 {[%emt 0:00:01]} 25. Rf1 {[%emt 0:00:03]} Kg8 {[%emt 0:00:02]} 26. d5 {[%emt 0:00:04]} Qg4 {[%emt 0:00:01]} 27. Nbd4 {[%emt 0:00:00]} Bxd4+ {[%emt 0:00:02]} 28. Qxd4 {[%emt 0:00:01]} Re4 {[%emt 0:00:02]} 29. Qd3 {[%emt 0:00:03]} Rxc4 {[%emt 0:00:01]} 30. h3 {[%emt 0:00:03]} Qe4 {[%emt 0:00:01]} 31. Qxe4 {[%emt 0:00:01]} Rxe4 {[%emt 0:00:01]} 32. Nh2 {[%emt 0:00:01]} Re2 {[%emt 0:00:01]} 33. Ng4 {[%emt 0:00:00]} Rxb2 {[%emt 0:00:01] Time (Lag: Av=0.50s, max=1.1s)} 0-1

[Event "Stay Safe Play From Home 143"]
[Site "T#645979Emanuel Laske"]
[Date "2020.05.12"]
[Round "9"]
[White "Gmbasti"]
[Black "Mandy"]
[Result "1-0"]
[WhiteElo "1608"]
[BlackElo "921"]
[Annotator "NA RC"]
[PlyCount "43"]
[EventDate "2020.05.12"]
[EventType "swiss (blitz)"]

1. c4 {[%emt 0:00:01]} c6 {[%emt 0:00:02]} 2. e3 {[%emt 0:00:00]} Nf6 {[%emt 0:00:02]} 3. d4 {[%emt 0:00:00]} g6 {[%emt 0:00:01]} 4. Nc3 {[%emt 0:00:00]} Bg7 {[%emt 0:00:01]} 5. Nf3 {[%emt 0:00:00]} O-O {[%emt 0:00:04]} 6. Bd3 {[%emt 0:00:00]} e5 {[%emt 0:00:02]} 7. dxe5 {[%emt 0:00:01]} Ng4 {[%emt 0:00:04]} 8. h3 {[%emt 0:00:01]} Nxe5 {[%emt 0:00:04]} 9. Nxe5 {[%emt 0:00:01]} Bxe5 {[%emt 0:00:01]} 10. O-O {[%emt 0:00:00]} Bxc3 {[%emt 0:00:01]} 11. bxc3 {[%emt 0:00:01]} d5 {[%emt 0:00:03]} 12. Ba3 {[%emt 0:00:00]} Re8 {[%emt 0:00:03]} 13. cxd5 {[%emt 0:00:01]} Qxd5 {[%emt 0:00:06]} 14. Qb3 {[%emt 0:00:02]} Qd7 {[%emt 0:00:05]} 15. Bc4 {[%emt 0:00:02]} b5 {[%emt 0:00:03]} 16. Bxf7+ {[%emt 0:00:03]} Qxf7 {[%emt 0:00:09]} 17. Qxf7+ {[%emt 0:00:01]} Kxf7 {[%emt 0:00:01]} 18. Rad1 {[%emt 0:00:01]} Be6 {[%emt 0:00:06]} 19. Rd6 {[%emt 0:00:01]} Nd7 {[%emt 0:00:00]} 20. Rfd1 {[%emt 0:00:02]} Red8 {[%emt 0:00:01]} 21. Rxe6 {[%emt 0:00:07]} c5 {[%emt 0:00:00]} 22. Red6 {[%emt 0:00:04] Zeit} 1-0

[Event "Stay Safe Play From Home 143"]
[Site "T#645979Emanuel Laske"]
[Date "2020.05.12"]
[Round "9"]
[White "Kuewba"]
[Black "Tobo Rubirosa"]
[Result "0-1"]
[WhiteElo "1586"]
[BlackElo "1420"]
[Annotator "NA RC"]
[PlyCount "104"]
[EventDate "2020.05.12"]
[EventType "swiss (blitz)"]

1. d4 {[%emt 0:00:02]} Nf6 {[%emt 0:00:02]} 2. Nf3 {[%emt 0:00:00]} g6 {[%emt 0:00:01]} 3. c3 {[%emt 0:00:00]} Bg7 {[%emt 0:00:01]} 4. g3 {[%emt 0:00:00]} O-O {[%emt 0:00:01]} 5. Bg2 {[%emt 0:00:00]} d6 {[%emt 0:00:01]} 6. Nbd2 {[%emt 0:00:00]} c5 {[%emt 0:00:01]} 7. O-O {[%emt 0:00:00]} cxd4 {[%emt 0:00:01]} 8. Nxd4 {[%emt 0:00:02]} Nc6 {[%emt 0:00:00]} 9. Nxc6 {[%emt 0:00:01]} bxc6 {[%emt 0:00:01]} 10. Nb3 {[%emt 0:00:01]} Bb7 {[%emt 0:00:02]} 11. Bg5 {[%emt 0:00:02]} d5 {[%emt 0:00:01]} 12. Re1 {[%emt 0:00:04]} h6 {[%emt 0:00:01]} 13. Bxf6 {[%emt 0:00:02]} Bxf6 {[%emt 0:00:01]} 14. e4 {[%emt 0:00:02]} dxe4 {[%emt 0:00:02]} 15. Bxe4 {[%emt 0:00:01]} Qxd1 {[%emt 0:00:01]} 16. Raxd1 {[%emt 0:00:02]} Rad8 {[%emt 0:00:01]} 17. Nd4 {[%emt 0:00:03]} Bxd4 {[%emt 0:00:02]} 18. Rxd4 {[%emt 0:00:01]} Rxd4 {[%emt 0:00:02]} 19. cxd4 {[%emt 0:00:01]} Rd8 {[%emt 0:00:00]} 20. Rd1 {[%emt 0:00:03]} f5 {[%emt 0:00:04]} 21. Bg2 {[%emt 0:00:02]} e5 {[%emt 0:00:02]} 22. d5 {[%emt 0:00:02]} cxd5 {[%emt 0:00:01]} 23. Rd3 {[%emt 0:00:05]} e4 {[%emt 0:00:01]} 24. Rb3 {[%emt 0:00:00]} Rd7 {[%emt 0:00:02]} 25. Bf1 {[%emt 0:00:02]} d4 {[%emt 0:00:02]} 26. Bc4+ {[%emt 0:00:02]} Bd5 {[%emt 0:00:01]} 27. Kf1 {[%emt 0:00:00]} Bxc4+ {[%emt 0:00:02]} 28. Ke1 {[%emt 0:00:04]} Bxb3 {[%emt 0:00:00]} 29. axb3 {[%emt 0:00:00]} Rb7 {[%emt 0:00:01]} 30. Kd2 {[%emt 0:00:00]} Rxb3 {[%emt 0:00:01]} 31. Kc2 {[%emt 0:00:00]} Rxb2+ {[%emt 0:00:01]} 32. Kxb2 {[%emt 0:00:02]} Kf7 {[%emt 0:00:00]} 33. Kb3 {[%emt 0:00:01]} Ke6 {[%emt 0:00:00]} 34. Kc4 {[%emt 0:00:00]} Ke5 {[%emt 0:00:01]} 35. f4+ {[%emt 0:00:01]} exf3 {[%emt 0:00:02]} 36. Kd3 {[%emt 0:00:00]} a5 {[%emt 0:00:01]} 37. h4 {[%emt 0:00:01]} a4 {[%emt 0:00:00]} 38. h5 {[%emt 0:00:00]} gxh5 {[%emt 0:00:01]} 39. g4 {[%emt 0:00:01]} hxg4 {[%emt 0:00:01]} 40. Kd2 {[%emt 0:00:01]} a3 {[%emt 0:00:01]} 41. Ke1 {[%emt 0:00:00]} a2 {[%emt 0:00:01]} 42. Kf2 {[%emt 0:00:00]} a1=Q {[%emt 0:00:01]} 43. Kg3 {[%emt 0:00:00]} Qg1+ {[%emt 0:00:01]} 44. Kh4 {[%emt 0:00:00]} f2 {[%emt 0:00:01]} 45. Kh5 {[%emt 0:00:01]} f1=Q {[%emt 0:00:01]} 46. Kxh6 {[%emt 0:00:00]} g3 {[%emt 0:00:01]} 47. Kg6 {[%emt 0:00:00]} g2 {[%emt 0:00:01]} 48. Kf7 {[%emt 0:00:00]} Qh1 {[%emt 0:00:01]} 49. Ke7 {[%emt 0:00:00]} g1=Q {[%emt 0:00:00]} 50. Kd7 {[%emt 0:00:00]} Qg6 {[%emt 0:00:01]} 51. Kc7 {[%emt 0:00:00]} Qhh7+ {[%emt 0:00:01]} 52. Kd8 {[%emt 0:00:01]} Qgg8# {[%emt 0:00:01] (Lag: Av=1.11s, max=2.0s)} 0-1

[Event "Stay Safe Play From Home 143"]
[Site "T#645979Emanuel Laske"]
[Date "2020.05.12"]
[Round "9"]
[White "Nagaram"]
[Black "Lucknow"]
[Result "0-1"]
[WhiteElo "1517"]
[BlackElo "1775"]
[Annotator "NA RC"]
[PlyCount "114"]
[EventDate "2020.05.12"]
[EventType "swiss (blitz)"]

1. e4 {[%emt 0:00:01]} c5 {[%emt 0:00:01]} 2. Nf3 {[%emt 0:00:01]} d6 {[%emt 0:00:00]} 3. d4 {[%emt 0:00:00]} cxd4 {[%emt 0:00:00]} 4. Nxd4 {[%emt 0:00:01]} Nf6 {[%emt 0:00:00]} 5. Nc3 {[%emt 0:00:01]} g6 {[%emt 0:00:00]} 6. Bb5+ {[%emt 0:00:01]} Bd7 {[%emt 0:00:02]} 7. Bxd7+ {[%emt 0:00:00]} Qxd7 {[%emt 0:00:00]} 8. O-O {[%emt 0:00:01]} Bg7 {[%emt 0:00:01]} 9. Bf4 {[%emt 0:00:02]} O-O {[%emt 0:00:00]} 10. Nb3 {[%emt 0:00:04]} Nc6 {[%emt 0:00:01]} 11. e5 {[%emt 0:00:01]} dxe5 {[%emt 0:00:01]} 12. Qxd7 {[%emt 0:00:02]} Nxd7 {[%emt 0:00:02]} 13. Be3 {[%emt 0:00:01]} Nd4 {[%emt 0:00:03]} 14. Rac1 {[%emt 0:00:05]} b6 {[%emt 0:00:03]} 15. f4 {[%emt 0:00:02]} Nxb3 {[%emt 0:00:02]} 16. cxb3 {[%emt 0:00:02]} exf4 {[%emt 0:00:01]} 17. Bxf4 {[%emt 0:00:00]} Nc5 {[%emt 0:00:01]} 18. Na4 {[%emt 0:00:02]} Nd3 {[%emt 0:00:01]} 19. Rcd1 {[%emt 0:00:02]} Nxf4 {[%emt 0:00:03]} 20. Rxf4 {[%emt 0:00:01]} Rfd8 {[%emt 0:00:01]} 21. Rxd8+ {[%emt 0:00:02]} Rxd8 {[%emt 0:00:01]} 22. Rf1 {[%emt 0:00:00]} Rd2 {[%emt 0:00:04]} 23. Rb1 {[%emt 0:00:03]} f5 {[%emt 0:00:01]} 24. g3 {[%emt 0:00:02]} Kf7 {[%emt 0:00:01]} 25. Rc1 {[%emt 0:00:01]} Bxb2 {[%emt 0:00:03]} 26. Rc7 {[%emt 0:00:01]} Bd4+ {[%emt 0:00:02]} 27. Kf1 {[%emt 0:00:04]} a5 {[%emt 0:00:01]} 28. Ke1 {[%emt 0:00:00]} Rxa2 {[%emt 0:00:02]} 29. Rc6 {[%emt 0:00:01]} Rxh2 {[%emt 0:00:04]} 30. Nxb6 {[%emt 0:00:01]} Bxb6 {[%emt 0:00:01]} 31. Rxb6 {[%emt 0:00:00]} Rb2 {[%emt 0:00:02]} 32. Ra6 {[%emt 0:00:02]} e6 {[%emt 0:00:03]} 33. Rxa5 {[%emt 0:00:01]} Rxb3 {[%emt 0:00:01]} 34. Ra7+ {[%emt 0:00:01]} Kf6 {[%emt 0:00:01]} 35. Ra2 {[%emt 0:00:01]} Rxg3 {[%emt 0:00:01]} 36. Rf2 {[%emt 0:00:01]} Re3+ {[%emt 0:00:01]} 37. Kf1 {[%emt 0:00:02]} Re4 {[%emt 0:00:00]} 38. Rh2 {[%emt 0:00:01]} g5 {[%emt 0:00:00]} 39. Kg1 {[%emt 0:00:00]} g4 {[%emt 0:00:00]} 40. Rxh7 {[%emt 0:00:01]} Ke5 {[%emt 0:00:00]} 41. Rh6 {[%emt 0:00:00]} Kf4 {[%emt 0:00:00]} 42. Rh2 {[%emt 0:00:00]} e5 {[%emt 0:00:01]} 43. Rf2+ {[%emt 0:00:00]} Kg5 {[%emt 0:00:00]} 44. Rg2 {[%emt 0:00:01]} f4 {[%emt 0:00:00]} 45. Rf2 {[%emt 0:00:01]} Re3 {[%emt 0:00:00]} 46. Rf1 {[%emt 0:00:02]} g3 {[%emt 0:00:00]} 47. Rc1 {[%emt 0:00:01]} Kg4 {[%emt 0:00:00]} 48. Kg2 {[%emt 0:00:00]} Re4 {[%emt 0:00:00]} 49. Kf1 {[%emt 0:00:00]} Re3 {[%emt 0:00:01]} 50. Kg2 {[%emt 0:00:00]} Ra3 {[%emt 0:00:00]} 51. Kf1 {[%emt 0:00:00]} Ra2 {[%emt 0:00:00]} 52. Kg1 {[%emt 0:00:00]} Rf2 {[%emt 0:00:00]} 53. Rf1 {[%emt 0:00:00]} Rxf1+ {[%emt 0:00:01]} 54. Kxf1 {[%emt 0:00:00]} f3 {[%emt 0:00:00]} 55. Kg1 {[%emt 0:00:01]} e4 {[%emt 0:00:00]} 56. Kf1 {[%emt 0:00:00] .} e3 {[%emt 0:00:00]} 57. Ke1 {[%emt 0:00:00]} g2 {[%emt 0:00:01] Time (Lag: Av=0.60s, max=1.4s)} 0-1